000 01106nam a2200253 i 4500
001 122759
003 ES-MaACL
005 20250928103352.0
007 t|
008 070214s1901 sp a |||| |dspa d
245 0 0 _aProceso de Lope de Vega por libelos contra unos cómicos /
_canotados por A. Tomillo y C. Pérez Pastor .
_bSíguense los "Datos desconocidos para la vida de Lope de Vega", publicados por primera vez en el "Homenaje a Menéndez y Pelayo".
246 3 _aDatos desconocidos sobre la vida de Lope de Vega
260 _aMadrid :
_b[s.n.],
_c1901 (
_fEstab. Tip. de Fortanet)
300 _aXV, 371 p. :
_bil. ;
_c24 x 16 cm.
500 _aApéndice documental.
530 _aDisponible en formato digital.
600 1 4 _aVega, Lope de,
_d1562-1635
_9113563
650 4 _aDelitos contra el honor-
_zEspaña-
_vHistoria.
_9159724
700 1 _aTomillo, Atanasio.
_9110556
700 1 _aPérez Pastor, Cristóbal,
_d1833-1908
_991076
852 _aES-MaACL
_jB-4725
856 _uhttp://bdh-rd.bne.es/viewer.vm?id=0000255734&page=1
_zBiblioteca Digital Hispánica
999 _c122759
_d122759